000 00865cam a22002893a 4500
001 23627
003 PGUSA
005 20140828083514.0
008 071126s2007||||xxu|||||s|||||000 1 eng d
040 _aPGUSA
_beng
042 _adc
050 4 _aPZ
100 1 _aOtis, James,
_d1848-1912
245 1 0 _aMessenger No. 48
_h[electronic resource] /
_cJames Otis
260 _bProject Gutenberg,
_c2007
506 _aPublic domain in the USA.
516 _aElectronic text
653 _aOrphans -- Juvenile fiction
653 _aHomeless boys -- Juvenile fiction
653 _aFriendship -- Juvenile fiction
653 _aNew York (State) -- Juvenile fiction
653 _aMessengers -- Juvenile fiction
740 0 _aMessenger number forty-eight
830 0 _aProject Gutenberg
_v23627
856 4 0 _uhttp://www.gutenberg.org/ebooks/23627
942 _cEB
999 _c252882
_d252882